| 000 | 00899cab a2200241 4500 | ||
|---|---|---|---|
| 001 | WB3427-25 | ||
| 008 | 090401t1998 xxu||||| |||| 00| 0 eng d | ||
| 035 | _a(Sirsi) u87432 | ||
| 041 | _aeng | ||
| 245 | _aNotice to quit | ||
| 260 | _c1998 | ||
| 350 | _a0 | ||
| 490 |
_aEstates Gazette Case Summaries _v1998 EGCS 107 (11/7/98) |
||
| 520 | _a"Barrett and others v Morgan" CA 30 June 1998. Held that where an agreement existed between parties that no counternotice would be served after receiving a notice to quit, it would be treated as a surrender of a lease. Applied "Sparkes v Smart". Granted leave to appeal to HL. | ||
| 650 | _aAGRICULTURAL HOLDINGS | ||
| 650 | _aBARRETT V MORGAN | ||
| 650 | _aNOTICE TO QUIT | ||
| 650 | _aSPARKES V SMART | ||
| 650 | _aSURRENDER OF LEASE | ||
| 690 | _aLANDLORD AND TENANT-CASE LAW-AGRICULTURAL TENANCIES | ||
| 942 | _n0 | ||
| 948 | _c16/07/1998 | ||
| 999 |
_c55140 _d55140 |
||